000 00668nam a2200193 a 4500
003 0
005 20250328152419.0
008 071126s19uu xx 00 eng d
050 _aPHS TP 689.5
_b.P37 2007
100 _aPar, Argyll Caezar O.
245 _aQuality of purified used motor oil /
_cArgyll Caizar O. Par.
260 _aLas PiƱas City, Philippines :
_bSouthville International School and Colleges,
_c2007.
300 _a23 pages :
_billustrations ;
_c28 cm.
504 _aIncludes bibliographical references.
650 _aUsed oils
_xPurification.
650 _aMotor oils
_xRecycling.
650 _aWaste oils
_xEnvironmental aspects.
942 _2lcc
_cPASS
999 _c97869
_d97869